| 000 | 00451nam a2200181Ia 4500 | ||
|---|---|---|---|
| 001 | 15676 | ||
| 005 | 20260306170213.0 | ||
| 008 | 260306t2016||||xx |||||||||||||| ||und|| | ||
| 041 | _aESP | ||
| 082 |
_a572 _bV81 |
||
| 100 |
_aVoet, Donald, _eAUT |
||
| 245 | 0 |
_aFundamentos de bioquĂmica : _bla vida a nivel molecular |
|
| 260 | _c2016 | ||
| 300 |
_avarias paginaciones : _c27 cm. |
||
| 650 | _aGEN | ||
| 654 | _aCCS | ||
| 942 |
_cLIB _dJUS _fJUS _2ddc _n |
||
| 999 |
_c15676 _d15676 |
||